00392ncm a2200169 a 4500001000800000005001700008008004100025010001700066020001500083040001800098041000800116080001100124082001100135100000700146101000800153245006100161562042620180315054020.0920616s1991 iaustz h n  a 90055467  a069705845X aDLCcDLCdDLC aeng a78 BEN a78 BEN1 a45 aMUZ10aSightsinging complete /cBruce Benward, Maureen A. Carr.